| 000 | 02043cas a2200457 a 4500 | ||
|---|---|---|---|
| 999 |
_c535236 _d535236 |
||
| 001 | 12670960 | ||
| 003 | NUST | ||
| 005 | 20200901103513.0 | ||
| 008 | 020207c19969999pauar 1 0eng c | ||
| 010 | _asn 97044243 | ||
| 020 | _a1-56676-479-3 | ||
| 022 | _y1044-0631 | ||
| 035 | _a(OCoLC)ocm36951646 | ||
| 038 | _aMSOHAIL | ||
| 040 |
_aNN _beng _cNN _dWaU _dOCoLC _dN _dDLC _dOCoLC _dOCLCF _dOCLCO _dOCoLC |
||
| 042 | _apcc | ||
| 043 | _an-usl-- | ||
| 050 | 0 | 0 |
_aTD811.5 _b.M53a |
| 082 |
_a363.728 _bWEB |
||
| 100 |
_aA. Scott Weber _929687 |
||
| 111 | 2 |
_aMid-Atlantic Industrial and Hazardous Waste Conference. _929688 |
|
| 245 | 1 | 0 |
_aHazardous and industrial wastes : _bproceedings of the ... Mid-Atlantic Industrial and Hazardous Waste. |
| 260 |
_aLancaster, Pa. : _bTechnomic Pub. Co., _c1996- |
||
| 300 |
_av. :838;p _bill. ; _c23 cm. |
||
| 310 | _aAnnual | ||
| 362 | 0 | _a28th (1996)- | |
| 588 | _aLatest issue consulted: 33rd (2001). | ||
| 650 | 0 |
_aHazardous wastes _zMiddle Atlantic States _xManagement _vCongresses. _929689 |
|
| 650 | 0 |
_aFactory and trade waste _zMiddle Atlantic States _xManagement _vPeriodicals. _929690 |
|
| 650 | 7 |
_aFactory and trade waste _xManagement. _2fast _0(OCoLC)fst00919753 _920819 |
|
| 650 | 7 |
_aHazardous wastes _xManagement. _2fast _0(OCoLC)fst00952497 _96365 |
|
| 651 | 7 |
_aMiddle Atlantic States. _2fast _0(OCoLC)fst01240044 _929691 |
|
| 655 | 7 |
_aConference papers and proceedings. _2fast _0(OCoLC)fst01423772 _95916 |
|
| 655 | 7 |
_aPeriodicals. _2fast _0(OCoLC)fst01411641 _929692 |
|
| 776 | 0 | 8 |
_iOnline version: _aMid-Atlantic Industrial and Hazardous Waste Conference. _tHazardous and industrial wastes _w(OCoLC)692246537 |
| 780 | 0 | 0 |
_aMid-Atlantic Industrial Waste Conference. _tHazardous and industrial waste _x1044-0631 _w(DLC) 91641686 _w(OCoLC)19677150 |
| 906 |
_a7 _bcbc _cserials _du _encip _f20 _gn-oclcserc |
||
| 942 |
_2ddc _cBK |
||